00302cam a22000857a 4500008004000000082001200040245012000052260003500172300000900207180718b1930 xxu||||| |||| 00| 0 eng d aT2x5452 aNotes on starting industrial schools: with specimen syllabuses of instructioncby Department of Industries, Madras  aMadrasbGovernment Pressc1930 a43p.